| Поле | Инд. | ПП | Название | Значение |
|---|---|---|---|---|
| Тип записи | a | |||
| Библиографический уровень | m | |||
| 001 | Контрольный номер | RU/IS/BASE/503075232 | ||
| 005 | Дата корректировки | 20230307114506.6 | ||
| 020 | a | ISBN | 978-5-397-05206-1 | |
| 084 | a | Индекс другой классификации/Индекс ББК | 22.3г(2)6; 63.3(2)6-7 | |
| 090 | a | Полочн. индекс | 22.3г(2)6 | |
| x | Авторский знак | Г 70 | ||
| 100 | 1_ | a | Автор | Горобец Б. С. |
| q | Полное имя | Горобец Борис Соломонович | ||
| 245 | 10 | a | Заглавие | Круг Ландау и Лифшица |
| c | Ответственность | предисловие В. И. Манько | ||
| 260 | a | Место издания | Москва | |
| b | Издательство | Либроком | ||
| c | Дата издания | 2016 | ||
| 300 | a | Объем | 336 с. | |
| 336 | a | Термин вида содержания | Текст | |
| 337 | a | Термин типа средства | непосредственный | |
| 504 | a | Библиография | Прил.: с. 277. - Лит.: с. 288. - Указ. имен: с. 324 | |
| 541 | 1_ | a | Номер заявки | 5214 |
| b | Заявитель | Черепанова В.Г. | ||
| c | Факультет/Кафедра/Подразделение | Кафедра ядерной физики | ||
| d | Дата заявки | 27.11.2015 | ||
| n | Количество экземпляров | 2 | ||
| 600 | 14 | a | Персоналии | Ландау Лев Давидович |
| a | Персоналии | Лифшиц Евгений Михайлович | ||
| a | Персоналии | Компанеец Александр Соломонович | ||
| a | Персоналии | Мигдал Аркадий Бенедиктович (Бейнусович) | ||
| a | Персоналии | Сахаров Андрей Дмитриевич | ||
| a | Персоналии | Зельдович Яков Борисович | ||
| a | Персоналии | Гинзбург Виталий Лазаревич | ||
| a | Персоналии | Абрикосов Алексей Алексеевич | ||
| a | Персоналии | Халатников Исаак Маркович | ||
| a | Персоналии | Лейпунский Александр Ильич | ||
| a | Персоналии | Капица Петр Леонидович | ||
| a | Персоналии | Стырикович Михаил Адольфович | ||
| a | Персоналии | Петровский Иван Георгиевич | ||
| a | Персоналии | Бор Нильс | ||
| a | Персоналии | Померанчук Исаак Яковлевич | ||
| a | Персоналии | Сагдеев Роальд Зиннурович | ||
| a | Персоналии | Дьяков Сергей Павлович | ||
| a | Персоналии | Левич Вениамин Григорьевич | ||
| a | Персоналии | Фейнберг Евгений Львович | ||
| a | Персоналии | Тамм Игорь Евгеньевич | ||
| a | Персоналии | Андроникашвили Элевтер Луарсабович | ||
| a | Персоналии | Гольданский Виталий Иосифович | ||
| a | Персоналии | Силин Виктор Павлович | ||
| a | Персоналии | Коган Владимир Ильич | ||
| a | Персоналии | Арцимович Лев Андреевич | ||
| a | Персоналии | Рухадзе Анри Амвросиевич | ||
| 650 | 04 | a | Основная рубрика | история |
| a | Основная рубрика | история науки | ||
| a | Основная рубрика | наука | ||
| a | Основная рубрика | физика | ||
| 653 | 0_ | a | Ключевые слова | XX век |
| a | Ключевые слова | Атомный проект СССР | ||
| a | Ключевые слова | водородная бомба | ||
| a | Ключевые слова | Гинзбурга-Ландау теория | ||
| a | Ключевые слова | Институт физических проблем | ||
| a | Ключевые слова | история физики | ||
| a | Ключевые слова | научная деятельность | ||
| a | Ключевые слова | научные исследования | ||
| a | Ключевые слова | научные открытия | ||
| a | Ключевые слова | научные теории | ||
| a | Ключевые слова | нобелевские лауреаты | ||
| a | Ключевые слова | новейшее время | ||
| a | Ключевые слова | Россия | ||
| a | Ключевые слова | теоретическая физика | ||
| a | Ключевые слова | теория сверхпроводимости | ||
| a | Ключевые слова | ядерная бомба | ||
| a | Ключевые слова | ядерная физика | ||
| 700 | 12 | a | Автор | Манько В. И. |
| e | Роль лиц | автор предисловия | ||
| 720 | a | Наименование подборки | К юбилею А. Д. Сахарова | |
| e | Признак/вид подборки | Тематические подборки | ||
| 900 | a | Имя электронного ресурса | obl_Krug Landau i Livshic | |
| x | Справочная информация | Обложка | ||
| 901 | t | Тип документа | m | |
| 952 | a | Тип литературы для КСУ ВШ | НАУ |